000 00679nam a2200289Ia 4500
005 20260324124330.0
008 008 260324s9999 xx 000 0 eng d
020 _a9780429479250
037 _aEBOOK
040 _aCRL
040 _beng
040 _cCRL
041 _2eng
041 _aeng
084 _qCRL
100 _aZack Eleftheriadou
_91173742
245 0 _aPsychotherapy and Culture
245 0 _bWeaving Inner and Outer Worlds
260 _bTaylor and Francis
260 _c2010
365 _a
365 _b205
856 _uhttp://www.taylorfrancis.com/books/9780429479250
942 _cEBOOK
999 _c1768043
_d1768043